[Event "Pavlodar op"]
[Site "Pavlodar"]
[Date "2010.12.06"]
[Round "7"]
[White "Melnikov, Yegor"]
[Black "Grigoriev, A1111"]
[Result "1-0"]
[WhiteElo "1978"]
[BlackElo "2294"]
[PlyCount "41"]
[EventDate "2010.11.30"]
[EventType "swiss"]
[EventRounds "10"]
[EventCountry "KAZ"]
[SourceTitle "EXT 2012"]
[Source "ChessBase"]
[SourceDate "2011.11.24"]
[SourceVersion "1"]
[SourceVersionDate "2011.11.24"]
[SourceQuality "1"]

1. d4 Nf6 2. c4 e6 3. Nc3 Bb4 4. e3 b6 5. Nge2 Ba6 6. Ng3 Bb7 7. Qc2 Bxc3+ 8. bxc3 d6 9. e4 Nbd7 10. Bd3 0-0 11. 0-0 Re8 12. a4 c5 13. f4 e5 14. Nf5 Qc7 15. fxe5 dxe5 16. d5 Nf8 17. Qf2 Nh5 18. g3 Ng6 19. Qf3 Nxg3 20. hxg3 Bc8 21. Nxg7 1-0

[Event "Pavlodar Cup of Akim"]
[Site "Pavlodar"]
[Date "2008.02.29"]
[Round "11"]
[White "Skurygin, Grigoriy"]
[Black "Melnikov, Yegor"]
[Result "1-0"]
[WhiteElo "2244"]
[BlackElo "2244"]
[PlyCount "39"]
[EventDate "2008.02.10"]
[EventType "tourn"]
[EventRounds "11"]
[EventCountry "KAZ"]
[SourceTitle "EXT 2022"]
[Source "ChessBase"]
[SourceDate "2021.10.06"]
[SourceVersion "1"]
[SourceVersionDate "2021.10.06"]
[SourceQuality "1"]

1. e4 e5 2. Nf3 Nc6 3. Bb5 Nf6 4. Nc3 Bc5 5. 0-0 d6 6. d3 h6 7. Na4 Bb6 8. Nxb6 axb6 9. h3 0-0 10. Be3 Ne7 11. Bc4 Ng6 12. Re1 Qe7 13. c3 Nh5 14. Nxe5 Qxe5 15. d4 Qa5 16. b4 Qa3 17. Qxh5 Qxc3 18. Rec1 Qxb4 19. Bxh6 Ra5 20. Qxg6 1-0

[Event "Pavlodar Cup of Akim"]
[Site "Pavlodar"]
[Date "2008.02.21"]
[Round "3"]
[White "Kisil, Ivan"]
[Black "Melnikov, Yegor"]
[Result "1-0"]
[WhiteElo "2291"]
[BlackElo "2244"]
[PlyCount "39"]
[EventDate "2008.02.10"]
[EventType "tourn"]
[EventRounds "11"]
[EventCountry "KAZ"]
[SourceTitle "EXT 2022"]
[Source "ChessBase"]
[SourceDate "2021.10.06"]
[SourceVersion "1"]
[SourceVersionDate "2021.10.06"]
[SourceQuality "1"]

1. e4 e5 2. Nf3 Nc6 3. Bc4 Nf6 4. Ng5 d5 5. exd5 Na5 6. Bb5+ c6 7. dxc6 bxc6 8. Qf3 Bb7 9. Ba4 Qd4 10. Nc3 Bb4 11. Nce4 Be7 12. Bb3 0-0 13. Qf5 g6 14. Nxf6+ Bxf6 15. Qxf6 Nxb3 16. axb3 h6 17. Ra4 Qc5 18. Ne6 fxe6 19. Qxg6+ Kh8 20. Qxh6+ 1-0

[Event "Pavlodar-ch School"]
[Site "Pavlodar"]
[Date "2007.09.13"]
[Round "9"]
[White "Nukin, Ashat"]
[Black "Melnikov, Yegor"]
[Result "1-0"]
[WhiteElo "2210"]
[BlackElo "2301"]
[PlyCount "73"]
[EventDate "2007.09.05"]
[EventType "tourn"]
[EventRounds "11"]
[EventCountry "KAZ"]
[SourceTitle "EXT 2022"]
[Source "ChessBase"]
[SourceDate "2021.10.06"]
[SourceVersion "1"]
[SourceVersionDate "2021.10.06"]
[SourceQuality "1"]

1. d4 Nf6 2. c4 e6 3. Nc3 Bb4 4. e3 c5 5. Nge2 cxd4 6. exd4 d5 7. c5 Ne4 8. Bd2 Nxd2 9. Qxd2 a5 10. a3 Bxc3 11. Nxc3 Bd7 12. Rc1 a4 13. Bd3 b6 14. cxb6 Qxb6 15. 0-0 Nc6 16. Rfd1 Na5 17. Rc2 0-0 18. Qf4 Rfc8 19. Qg4 f5 20. Qh4 Nc4 21. Re1 Qd6 22. Na2 Na5 23. Rce2 Nb3 24. Bc2 Na5 25. Nb4 Re8 26. g4 Qf4 27. Nxd5 exd5 28. Bxf5 g6 29. Bxd7 Re4 30. Rxe4 dxe4 31. Qg3 Qxg3+ 32. hxg3 Kg7 33. Rxe4 Nc4 34. Re2 Rd8 35. Bxa4 Rxd4 36. Bb5 Nd6 37. Bd7 1-0

[Event "Pavlodar-ch School"]
[Site "Pavlodar"]
[Date "2007.09.10"]
[Round "6"]
[White "Melnikov, Yegor"]
[Black "Lozhnikov, Vyacheslav"]
[Result "0-1"]
[WhiteElo "2301"]
[BlackElo "2188"]
[PlyCount "82"]
[EventDate "2007.09.05"]
[EventType "tourn"]
[EventRounds "11"]
[EventCountry "KAZ"]
[SourceTitle "EXT 2022"]
[Source "ChessBase"]
[SourceDate "2021.10.06"]
[SourceVersion "1"]
[SourceVersionDate "2021.10.06"]
[SourceQuality "1"]

1. e4 c5 2. Nf3 d6 3. c3 Nf6 4. Be2 g6 5. 0-0 Bg7 6. Re1 0-0 7. Bf1 Nc6 8. h3 e5 9. d4 exd4 10. cxd4 cxd4 11. Nxd4 d5 12. Nxc6 bxc6 13. e5 Nd7 14. f4 Qb6+ 15. Kh1 Ba6 16. Be3 Qxb2 17. Bxa6 Qxa1 18. Qd2 Nxe5 19. Na3 Nf3 20. gxf3 Qc3 21. Nb1 Qf6 22. Na3 Rfe8 23. Nc2 Rab8 24. Bf1 Qb2 25. Rc1 Qxa2 26. Kg2 a5 27. f5 a4 28. h4 Qb2 29. fxg6 hxg6 30. h5 gxh5 31. Bd3 Qc3 32. Qxc3 Bxc3 33. Kf2 Rb2 34. Rg1+ Kh8 35. Rh1 Kg7 36. Rg1+ Kh8 37. Rh1 Kg7 38. Rg1+ Kf6 39. Bg5+ Ke6 40. Kg3 Rg8 41. Kh4 f6 0-1

[Event "Pavlodar-ch School"]
[Site "Pavlodar"]
[Date "2007.09.07"]
[Round "3"]
[White "Grebenschikov, Vladimir"]
[Black "Melnikov, Yegor"]
[Result "1-0"]
[WhiteElo "2307"]
[BlackElo "2301"]
[PlyCount "29"]
[EventDate "2007.09.05"]
[EventType "tourn"]
[EventRounds "11"]
[EventCountry "KAZ"]
[SourceTitle "EXT 2022"]
[Source "ChessBase"]
[SourceDate "2021.10.06"]
[SourceVersion "1"]
[SourceVersionDate "2021.10.06"]
[SourceQuality "1"]

1. d4 g6 2. e4 d6 3. Nc3 Nf6 4. Be2 Bg7 5. Be3 c6 6. Qd2 Qa5 7. Nf3 Ng4 8. Bg5 h6 9. Bxe7 Qc7 10. Bh4 0-0 11. h3 Nf6 12. Bxf6 Bxf6 13. Qxh6 c5 14. Bc4 Bg7 15. Qxg6 1-0